000 00502nam a2200169 a 4500
001 000022139
005 20200930011611.0
008 100917s1995 dr 000 0 spa d
040 _aDO-SdBNP
_bspa
_cBNPHU
082 _axxx
_bG633f
100 1 _aGómez, Salvador
_9391
245 1 0 _aFormación de predicadores /
_cSalvador Gómez, José H. Prado Flores.
260 _aSanto Domingo :
_bEdiciones MSC,
_c1995.
300 _a149 p. ;
_c22 cm.
700 1 _aPrado Flores, José H.
_910971
049 _aBNPD
999 _c21637
_d21637